000 00642nam a22001815i 4500
001 172180
003 ES-MaACL
005 20230906214831.0
008 090616s1927 fr |||| | fre d
080 _a782.1
100 1 _aRivoire, André.
_9139353
245 1 3 _aLe bon roi Dagobert
_b: comédie musicale en quatre actes /
_cpoème de André Rivoire ; musique de Marcel Samuel-Rousseau.
260 _aParis :
_bHeugel,
_c1927.
300 _a130 p. ;
_c18 cm.
650 1 4 _aÓperas-
_vLibretos.
_9137584
700 1 _aRousseau, Marcel-Samuel.
_9139354
852 4 _aES-MaACL
_jE-12705
_9R.190311
_z. - Biblioteca Jacinto Martínez Lacalle
999 _c172180
_d172180